000 00695nas a2200229 4500
001 BR0104175
003 BR-BrBNA
005 20231205102417.0
007 ta
008 230509b bl.|||p| |||| 00| 00por d
040 _aBR-BrBNA
_bpor
_cBiblioteca Nacional de Agricultura
041 _a(Pt)
072 _aH01; D50
110 1 _aCongresso Nacional, Brasilia, DF (Brasil)
_92575
245 1 _aProtecao de cultivares
650 _aLegislacao
650 _aVariedade
650 _aDefesa Vegetal
773 0 _tBiotecnologia Ciencia e Desenvolvimento (Brazil)
_xISSN 1414-4522
_g(Jul-Aug 1997), v. 1(2) p. 13-21
_wBR0104175
909 _a202311
_bLúcia
_c55
_dLúcia Elande
942 _2AGRIS
_n0
_cANA
999 _c167442
_d167442